| 000 | 00722nam a22002177a 4500 | ||
|---|---|---|---|
| 005 | 20130430142626.0 | ||
| 008 | 130408b xxu||||| |||| 00| 0 eng d | ||
| 010 | _aENG-106848 | ||
| 020 |
_a9789381588970 _c120.00 |
||
| 020 |
_a938158897x _c120.00 |
||
| 035 | _aEN-90381 | ||
| 037 | _bDBAD/PUB | ||
| 040 |
_aDPL _bEng |
||
| 082 | _a510 | ||
| 100 | _aBose, Sumita | ||
| 245 |
_aVedic mathematics: _bsecret skills for quick, accurate mental calculations / _cby Sumita Bose |
||
| 260 |
_aNew Delhi _bV&S Publishers _c2013 |
||
| 270 |
_aF-2/16, Anasari Road, Daryaganj _bNew Delhi _e110002 _k23240026 _l011- 23240028 _minfo@vspublishers.com |
||
| 300 |
_a185 p. _c22cm (pbk) |
||
| 942 |
_2ddc _cEN _mBOS _h510 |
||
| 999 |
_c74312 _d74312 |
||